| 000 | 04227cam a2200649Ia 4500 | ||
|---|---|---|---|
| 001 | 11446028 | ||
| 003 | USPCAS-E | ||
| 005 | 20180118181420.0 | ||
| 006 | m o d | ||
| 007 | cr cn||||||||| | ||
| 008 | 081223s1998 cau ob 001 0 eng d | ||
| 020 | _a9780080528052 | ||
| 020 | _a0080528058 | ||
| 020 | _a1281025976 | ||
| 020 | _a9781281025975 | ||
| 020 | _z9780124109506 | ||
| 020 | _z0124109500 | ||
| 035 | _a(OCoLC)ocn290927460 | ||
| 035 |
_a(OCoLC)290927460 _z(OCoLC)162128748 _z(OCoLC)171111247 _z(OCoLC)648298515 _z(OCoLC)742284484 _z(OCoLC)823828376 _z(OCoLC)823898119 _z(OCoLC)824089425 _z(OCoLC)824135876 |
||
| 035 | _a(NNC)11446028 | ||
| 037 |
_bKnovel Corporation _nhttp://www.knovel.com |
||
| 040 |
_aKNOVL _beng _epn _cKNOVL _dIDEBK _dOCLCQ _dEBLCP _dOPELS _dN$T _dYDXCP _dE7B _dOCLCQ _dKNOVL _dZCU _dKNOVL _dOCLCF _dUIU _dOCLCQ _dKNOVL _dDEBSZ |
||
| 050 | 4 |
_aTP339 _b.K54 1998eb |
|
| 070 |
_aTP360.K49 _b1998 |
||
| 072 | 0 | _aP120 | |
| 072 | 7 |
_aPDW _2bicssc |
|
| 072 | 7 |
_aTEC _x009010 _2bisacsh |
|
| 082 | 0 | 4 |
_a662.88 _222 _bKLA-B 1998 |
| 084 |
_a58.21 _2bcl |
||
| 100 | 1 |
_aKlass, Donald L. _eAuther |
|
| 245 | 1 | 0 |
_aBiomass for renewable energy, fuels, and chemicals _cDonald L. Klass. |
| 260 |
_aSan Diego : _bAcademic Press, _c©1998. |
||
| 300 | _a (xv, 651 pages) | ||
| 502 | _a. | ||
| 504 | _aIncludes bibliographical references and index. | ||
| 505 | 0 | _aPreface. Energy Consumption, Reserves, Depletion, Environmental Issues. Biomass as an Energy Resource: Concept and Markets. Photosynthesis of Biomass and Its Conversion-Related Properties. Virgin Biomass Production. Waste Biomass Abundance, Energy Potential, and Availability. Physical Conversion Processes. Thermal Coversion: Combustion. Thermal Conversion: Pyrolysis and Liquefaction. Thermal Converstion: Gasification. Natural Biochemical Liquefaction. Synthetic Oxygenated Liquid Fuels. Microbial Conversion: Gasification. Organic Commodity Chemicals from Biomass. Integrated Biomass Production-Conversion Systems and Net Energy Production. Epilogue. Appendices. Subject Index. | |
| 520 | _aBiomass for Renewable Energy, Fuels, and Chemicals serves as a comprehensive introduction to the subject for the student and educator, and is useful for researchers who are interested in the technical details of biomass energy production. The coverage and discussion are multidisciplinary, reflecting the many scientific and engineering disciplines involved. The book will appeal to a broad range of energy professionals and specialists, farmers and foresters who are searching for methods of selecting, growing, and converting energy crops, entrepreneurs who are commercializing biomass energy projects, and those involved in designing solid and liquid waste disposal-energy recovery systems. Key Features * Presents a graduated treatment from basic principles to the details of specific technologies * Includes a critical analysis of many biomass energy research and commercialization activities * Proposes several new technical approaches to improve efficiencies, net energy production, and economics * Reviews failed projects, as well as successes, and methods for overcoming barriers to commercialization * Written by a leader in the field with 40 years of educational, research, and commercialization experience. | ||
| 650 | 0 | _aBiomass energy. | |
| 650 | 0 | _aBiomass chemicals. | |
| 650 | 7 |
_aTECHNOLOGY & ENGINEERING _xChemical & Biochemical. _2bisacsh |
|
| 650 | 7 |
_aBiomass chemicals. _2fast |
|
| 650 | 7 |
_aBiomass energy. _2fast |
|
| 650 | 1 | 7 |
_aBiomassa. _2gtt |
| 650 | 1 | 7 |
_aVergassing. _2gtt |
| 650 | 1 | 7 |
_aConversie. _2gtt |
| 650 | 1 | 7 |
_aDuurzame energie. _2gtt |
| 650 | 1 | 7 |
_aBrandstoffen. _2gtt |
| 650 | 1 | 7 |
_aWaterstof. _2gtt |
| 650 | 1 | 7 |
_aMicrobiologie. _2gtt |
| 650 | 1 | 7 |
_aDuurzame ontwikkeling. _2gtt |
| 650 | 7 |
_aOnline-Publikation. _2swd |
|
| 655 | 4 | _aElectronic books. | |
| 776 | 0 | 8 |
_iPrint version: _aKlass, Donald L. _tBiomass for renewable energy, fuels, and chemicals. _dSan Diego : Academic Press, ©1998 _z0124109500 _w(DLC) 98084422 _w(OCoLC)39628617 |
| 856 | 4 | 0 |
_uhttp://www.columbia.edu/cgi-bin/cul/resolve?clio11446028 _zACADEMIC - Sustainable Energy & Development |
| 942 |
_2ddc _cBK |
||
| 999 |
_c355993 _d355993 |
||